| 000 | 00760 a2200217 4500 | ||
|---|---|---|---|
| 999 |
_c4573 _d4573 |
||
| 020 | _a609523457 | ||
| 050 | 1 | 4 | _aLC 212.9 GEL 1978 |
| 050 | 0 | 0 | _aMLCS 83/10870 (D) |
| 100 | 1 |
_aGelfand, Michael. _eAuthor |
|
| 245 | 1 | 2 |
_aA non-racial island of learning : _ba history of the University College of Rhodesia from its inception to 1966 / _cby Michael Gelfand ; with a foreword by R. Craig. |
| 264 |
_aGweru: _bMambo Press _c1978 |
||
| 300 |
_a376 p., [22] p. of plates : _bill., ports. ; |
||
| 440 | 0 | _aZambeziana : | |
| 500 | _aAddendum slip inserted. | ||
| 500 | _aIncludes index. | ||
| 504 | _aBibliography: p. 360-363. | ||
| 650 | 0 | _aCollege integration | |
| 650 | 0 | _aEducation, Higher | |
| 942 |
_2lcc _cBK _h212.9 _iGEL _kLC |
||